000 00911nam a2200253 a 4500
001 50128
003 BD-RjUL
005 20211209075449.0
008 160823s1952 xx 001 0 eng
035 _a(BD-RjUL)50248
040 _aDLC
_cOTU
_dBD-RjUL
_beng
041 _aeng
082 _a379.173
_223
_bBUM 1952
100 1 _aButterworth, Julian E.
_q(Julian Edward),
_d1884-1961.
_9150242
245 1 4 _aThe modern rural school
_c[by] Julian E. Butterworth [and] Howard A. Dawson; with chapters by Stanley Warren [and others]
250 _a1st ed.
260 _aNew York :
_bMcGraw-Hill,
_cc1952
300 _axii, 494 p. :
_bill. ;
_c24 cm.
504 _aIncludes bibliographies. "List of visual aids": p. 471-476. and index
650 0 _aRural schools.
_9149014
700 1 _aDawson, Howard Athalone,
_d1895-
_ejoint author.
_9150244
942 _2ddc
_cBK
999 _c50128
_d50128